| 000 | 00708 a2200241 4500 | ||
|---|---|---|---|
| 001 | 63835 | ||
| 003 | NUST | ||
| 005 | 20231011150115.0 | ||
| 008 | 170516b xxu||||| |||| 00| 0 eng d | ||
| 020 | _a9799693513836 | ||
| 040 | _cNUST | ||
| 082 |
_a891.4392 _bBUT |
||
| 100 |
_aYounis Butt _9911 |
||
| 245 | _aMiss Fit [Urdu] | ||
| 260 |
_aLahore _bSang-e- Meel Publications _c2005 |
||
| 300 | _a294 pp | ||
| 546 | _aIn Urdu | ||
| 650 |
_aUrdu Literature _9347 |
||
| 880 |
_6100-01\(3\r _aڈاکٹر محمد یونس بٹ |
||
| 880 |
_6245-02\(3\r _aمس فٹ _cڈاکٹر محمد یونس بٹ |
||
| 880 |
_6260-03\(3\r _aلاہور: _bسنگ میل پبلی کیشنز،، _c2005 |
||
| 942 |
_2ddc _cBK |
||
| 999 |
_c329638 _d329638 |
||